SUECIA /

Guardado en:
Bibliografiske detaljer
Andre forfattere: PRENSA DEL MINISTERIO DE RELACIONES EXTERIORES DE SUECIA (autor) (autor)
Format: Bog
Fag:
Tags: Tilføj Tag
Ingen Tags, Vær først til at tagge denne postø!

MARC

LEADER 00000nam^a2200000^a^4500
001 000244771
005 20250521000000.0
009 20260310105432.248
035 |a 066389 
037 |a Acervo Xavier Clavigero 
082 |a 948. 5  |b SUE 
245 1 0 |a SUECIA /  |c PRENSA DEL MINISTERIO DE RELACIONES EXTERIORES DE SUECIA 
264 |a Madrid, España :  |b Espasa-Calpe,  |c 1946 
300 |a 563 p. 
336 |a texto  |b txt  |2 rdacontenido 
337 |a sin mediación  |b n  |2 rdamedio 
338 |a volumen  |b nc  |2 rdasoporte 
649 |a XX 
650 |a Suecia -  |x Historia 
650 |a SUECIA -  |x DESCRIPCION 
650 |a SUECIA -  |x POLITICA Y GOBIERNO 
700 |a PRENSA DEL MINISTERIO DE RELACIONES EXTERIORES DE SUECIA  |e (autor) 
910 |a Fondo General 
920 |a Impresos - Libros 
930 |a Colección General 
905 |a 101 
901 |a 066389  |b IT1  |c ACC  |i 066389  |u 20250521 
902 |a https://opac.biblio.iteso.mx/vufind/Record/000244771